Gares sur la ligne de Paris à Lyon via Dijon - Statistiques

Statistiques générales
  • Ce quiz a été pris 107 fois
  • Le résultat moyen est 19 sur 74
Statistiques - réponses
Département Gare % Correct
(21) Beaune
77%
(89) Sens
71%
(71) Chalon-sur-Saône
68%
(21) Dijon-Ville
67%
(69) Villefranche-sur-Saône
63%
(69) Lyon-Part-Dieu
62%
Côte-d'Or (21) Montbard
58%
Saône-et-Loire (71) Chagny
54%
(71) Tournus
54%
Rhône (69) Lyon-Perrache
52%
(71) Mâcon-Ville
52%
(89) Joigny
51%
(89) Tonnerre
49%
Paris (75) Paris-Gare-de-Lyon
48%
(77) Melun
44%
(21) Les Laumes - Alésia
42%
(21) Nuits-Saint-Georges
40%
Rhône (69) Belleville-sur-Saône
36%
(69) Saint-Germain-au-Mont-d'Or
36%
Seine-et-Marne (77) Montereau
33%
(69) Lyon-Jean-Macé
32%
Yonne (89) Nuits-sous-Ravières
32%
(21) Gevrey-Chambertin
31%
Val-de-Marne (94) Villeneuve-Saint-Georges
30%
(89) Saint-Florentin - Vergigny
29%
(69) Anse
25%
Côte-d'Or (21) Meursault
25%
(94) Créteil-Pompadour
24%
(21) Corgoloin
23%
(94) Le Vert-de-Maisons
23%
Val-de-Marne (94) Maisons-Alfort - Alfortville
23%
(77) Fontainebleau - Avon
20%
(21) Velars
20%
(21) Blaisy-Bas
19%
(69) Quincieux
19%
(91) Yerres
19%
(91) Brunoy
17%
(69) Couzon-au-Mont-d'Or
17%
(77) Le Mée
17%
(94) Villeneuve-Triage
17%
(77) Bois-le-Roi
14%
(71) Crèches-sur-Saône
14%
Essonne (91) Montgeron - Crosne
14%
(71) Rully
14%
(89) Villeneuve-sur-Yonne
14%
(69) Albigny - Neuville
13%
(77) Cesson
13%
Seine-et-Marne (77) Combs-la-Ville - Quincy
13%
(77) Lieusaint - Moissy
13%
(21) Mâlain
13%
(77) Moret - Veneux-les-Sablons
13%
(21) Vougeot - Gilly-lès-Cîteaux
13%
(69) Collonges - Fontaines
12%
(89) Pont-sur-Yonne
12%
(71) Sennecey-le-Grand
12%
(77) Thomery
12%
Yonne (89) Villeneuve-la-Guyard
12%
Essonne (91) Boussy-Saint-Antoine
11%
(77) Fontainebleau-Forêt
11%
(21) Lantenay
11%
Saône-et-Loire (71) Romanèche - Thorins
11%
(77) Saint-Mammès
11%
(21) Thenissey
11%
(89) Saint-Julien-du-Sault
10%
(71) Senozan
10%
(21) Verrey
10%
(89) Champigny-sur-Yonne
8%
(71) Fleurville - Pont-de-Vaux
8%
(71) Fontaines - Mercurey
8%
(69) Saint-Georges-de-Reneins
8%
(77) Savigny-le-Temple - Nandy
8%
(89) Etigny - Véron
7%
(71) Pontanevaux
7%
(89) Larcohe - Migennes
1%
Aucun quiz correspondant
Distribution des résultats
% des personnes avec chaque résultat
Percentile par nombre de réponses
Votre historique - résultats
Vous n’avez pas pris ce quiz